Łona i Webber - Nic Dziwnego (wszystkie utwory) - Statystyki

Ogólne statystyki
  • Ten quiz został rozwiązany 3 razy
  • Średni wynik to 5 z 13
Statystyki odpowiedzi
Numer Tytuł % Poprawnych
11 Nic Dziwnego
100%
5 A Dokąd To?
67%
13 Dobranoc/Do Ciebie, Aniu, Szłem
67%
9 Nieruchomości
67%
2 Nie Ufajcie Jarząbkowi
67%
12 Ballada O Szlachetnym Czorcie
33%
1 Dzień Dobry
33%
10 Nie Jest Dobrze
33%
3 Artysto Drogi I
0%
6 Artysto Drogi II
0%
4 Nie Gadaj Tyle
0%
8 Reż Te Herbę
0%
7 Rozmowy Z Cutem
0%
Nie znaleziono quizów pasujących do podanych kryteriów
Rozkład punktacji
Procent ludzi z każdym wynikiem
Percentyl według liczby udzielonych odpowiedzi
Twoja historia wyników
Nie rozwiązałeś tego quizu